000 00434nam a22001697a 4500
003 LK-CoMWRAF
005 20230922184005.0
008 230922b |||||||| |||| 00| 0 eng d
040 _aLK-CoMWRAF
_dLK-CoMWRAF
_eLK-CoMWRAF
041 _aeng
082 _a297.122
_bGHO
100 _aGhouse, M. B. Mohamed
245 _aMystic interpretation of the verse on light
650 _aIslam
650 _aIslam-verse on light
942 _cBK
999 _c3612
_d3612